000 00288nam a22001097a 4500
082 _a320
100 _aBandyopadhyay, Sekhar
_980850
245 _aIndian Political Thought and Its Contemporary Relevance
260 _adelhi
_bAtlantic Pub
_c2017
650 _aPolitics
_980851
942 _cBK
999 _c64084
_d64084